Don Quichotte de la Manche (Record no. 2646)

MARC details
000 -CABECERA
campo de control de longitud fija 01307nam a2200289 a 4500
001 - NÚMERO DE CONTROL
campo de control BRCA_2907
005 - FECHA Y HORA DE LA ÚLTIMA TRANSACCIÓN
campo de control 20190320204025.0
008 - DATOS DE LONGITUD FIJA--INFORMACIÓN GENERAL
campo de control de longitud fija 260109s1810----fr-a---###---#000-0#fre-u
041 ## - CÓDIGO DE LENGUA
Código de lengua del texto/banda sonora o título independiente fre
044 ## - CÓDIGO DEL PAÍS DE LA ENTIDAD EDITORA/PRODUCTORA
Código MARC del país fr
084 ## - OTRO NÚMERO DE CLASIFICACIÓN
Número de clasificación 375
Número de documento/Ítem .B75
-- 1810
100 1# - ENTRADA PRINCIPAL--NOMBRE DE PERSONA
Nombre de persona Cervantes Saavedra, Miguel de
Fechas asociadas al nombre 1547-1616
9 (RLIN) 213
245 10 - MENCIÓN DE TÍTULO
Título Don Quichotte de la Manche
Mención de responsabilidad, etc. Miguel de Cervantes Saavedra.
260 ## - PUBLICACIÓN, DISTRIBUCIÓN, ETC.
Lugar de publicación, distribución, etc. París
Nombre del editor, distribuidor, etc. Briand
Fecha de publicación, distribución, etc. 1810
300 ## - DESCRIPCIÓN FÍSICA
Extensión 6 v.
Otras características físicas il.
Dimensiones 13 cm.
500 ## - NOTA GENERAL
Nota general Contenido : v 1. Primera parte. Advertencia del traductor. Prólogo del autor. Texto. -- v 2. Texto. -- v 3. Texto. -- v 4. Segunda parte. Prefacio del traductor. Prólogo del autor. Texto. -- v 5. Texto. -- v 6. Texto
500 ## - NOTA GENERAL
Nota general Edición : Traduit de l´Espagnol de Michel de Cervante par Florian
500 ## - NOTA GENERAL
Nota general Reproducción de la edición de Didot, de 1799, con las mismas laminas de Lefevre y Lebarbier. Semipiel; lomos decorados con adornos dorados Lúdovik Osterc
500 ## - NOTA GENERAL
Nota general Estado físico : Esta edición presenta la encuadernación maltratada
500 ## - NOTA GENERAL
Nota general Con ex-libris : Robert et Evelyn Benson
500 ## - NOTA GENERAL
Nota general QM298
546 ## - NOTA DE LENGUA/LENGUAJE
Nota de lengua/lenguaje Texto en : francés
700 1# - PUNTO DE ACCESO ADICIONAL--NOMBRE DE PERSONA
Nombre de persona Florian, Jean-Pierre Claris de
Fechas asociadas al nombre 1755-1794
Término indicativo de función/relación Traductor
9 (RLIN) 8089
740 0# - PUNTO DE ACCESO ADICIONAL--TÍTULO RELACIONADO O ANALÍTICO NO CONTROLADO
Título relacionado o analítico no controlado El Ingenioso Hidalgo Don Quijote de la Mancha
902 ## - CATALOGADOR
Iniciales QFM
942 ## - ELEMENTOS DE PUNTO DE ACCESO ADICIONAL (KOHA)
Fuente del sistema de clasificación o colocación Library of Congress Classification
Tipo de ítem Koha Libros
Holdings
Estado de retiro Estado de pérdida Estado dañado No para préstamo Localización permanente Ubicación/localización actual Fecha de adquisición Número de inventario Total de préstamos Signatura topográfica completa Código de barras Fecha visto por última vez Precio válido a partir de Tipo de ítem Koha
El ejemplar forma parte de la colección y puede ser consultado según las políticas vigentes.       Biblioteca del Museo Franz Mayer (Rogerio Casas-Alatriste) Biblioteca del Museo Franz Mayer (Rogerio Casas-Alatriste) 11/12/2008 QM298   375 .B75 1810 (QM298) 2904 22/03/2019 22/03/2019 Libros